[Event "Biel Rapid op 57th"]
[Site "Biel"]
[Date "2024.07.14"]
[Round "1"]
[White "Musaelyan, Arshavir"]
[Black "Szakolczai, Adam"]
[Result "1-0"]
[WhiteElo "1981"]
[BlackElo "1512"]
[PlyCount "61"]
[EventDate "2024.07.14"]
[EventType "swiss (rapid)"]
[EventRounds "9"]
[EventCountry "SUI"]
[SourceTitle "EXT 2025"]
[Source "ChessBase"]
[SourceDate "2024.10.14"]
[SourceVersion "1"]
[SourceVersionDate "2024.10.14"]
[SourceQuality "1"]

1. d4 d5 2. Nf3 g6 3. g3 Bg7 4. Bg2 Nf6 5. 0-0 0-0 6. c4 c6 7. b3 b6 8. Bb2 Bb7 9. Qc2 c5 10. Rd1 Nbd7 11. dxc5 bxc5 12. cxd5 Bxd5 13. Nc3 Bb7 14. Ne5 Bxg2 15. Kxg2 Qc7 16. Nxd7 Nxd7 17. Nd5 Qb7 18. Qe4 Bxb2 19. Nxe7+ Kg7 20. Qxb7 Bxa1 21. Qxd7 Bf6 22. Nd5 Bd4 23. Nc7 Rad8 24. Ne6+ Kg8 25. Nxd8 Bf6 26. Qc7 Bg7 27. Rd7 a5 28. Rxf7 Rxf7 29. Qxf7+ Kh8 30. Qe8+ Bf8 31. Qxf8# 1-0